Vývojové tendence spotřebního průmyslu ve světě

Uložené v:
Podrobná bibliografia
Hlavný autor: Šrobárová, Věra
Médium: Kniha
Jazyk:Czech
Vydavateľské údaje: Praha Ústředí vědeckých, technických a ekonomických informací 1989
Tagy: Pridať tag
Žiadne tagy, Buďte prvý, kto otaguje tento záznam!

MARC

LEADER 00000nam a2200000 4500
001 c031852
005 20250917082543.5
041 0 |a cze 
044 |a CZ 
245 1 0 |a Vývojové tendence spotřebního průmyslu ve světě  |c Věra Šrobárová 
264 1 |a Praha  |b Ústředí vědeckých, technických a ekonomických informací  |c 1989 
300 |a 138 s. 
100 1 |a Šrobárová, Věra